[Event "San Marti op U20 12th"]
[Site "San Marti"]
[Date "2010.07.16"]
[Round "4"]
[White "Porras Dalmau, Daniel"]
[Black "Corrales Adamuz, Cristian"]
[Result "1/2-1/2"]
[WhiteElo "1951"]
[BlackElo "1820"]
[PlyCount "84"]
[EventDate "2010.07.13"]
[EventType "swiss"]
[EventRounds "9"]
[EventCountry "ESP"]
[SourceTitle "EXT 2012"]
[Source "ChessBase"]
[SourceDate "2011.11.24"]
[SourceVersion "1"]
[SourceVersionDate "2011.11.24"]
[SourceQuality "1"]

1. d4 d5 2. c4 e6 3. Nc3 Nf6 4. Bg5 Nbd7 5. Nf3 Bb4 6. e3 Bxc3+ 7. bxc3 0-0 8. cxd5 exd5 9. Bd3 c5 10. 0-0 h6 11. Bh4 Qc7 12. Rc1 c4 13. Bb1 Re8 14. Nd2 b5 15. Re1 Bb7 16. f3 Qb6 17. e4 a5 18. e5 Nxe5 19. Kh1 Ng6 20. Bg3 Rxe1+ 21. Bxe1 Re8 22. Nf1 Bc8 23. Ng3 Be6 24. Bd2 Rb8 25. Qe1 b4 26. cxb4 axb4 27. Bxg6 fxg6 28. Bxb4 Qxb4 29. Qxe6+ Kh7 30. Qe2 Qb2 31. Qxb2 Rxb2 32. a4 Ra2 33. Kg1 Rxa4 34. Ne2 Kg8 35. Nc3 Ra5 36. Kf2 Kf7 37. g4 g5 38. Kg3 Ra6 39. f4 Re6 40. fxg5 hxg5 41. Kf3 Kg6 42. h3 Rb6 1/2-1/2

[Event "Barcelona Sant Marti op 10th"]
[Site "Barcelona"]
[Date "2008.09.05"]
[Round "5"]
[White "Riera Danes, Manel"]
[Black "Porras Dalmau, Daniel"]
[Result "1-0"]
[WhiteElo "2089"]
[BlackElo "1964"]
[PlyCount "113"]
[EventDate "2008.09.01"]
[EventType "swiss"]
[EventRounds "9"]
[EventCountry "ESP"]
[SourceTitle "EXT 2009"]
[Source "ChessBase"]
[SourceDate "2008.11.26"]
[SourceVersion "1"]
[SourceVersionDate "2008.11.26"]
[SourceQuality "1"]

1. e4 e6 2. d3 d5 3. Nd2 Ne7 4. Ngf3 c5 5. g3 Nbc6 6. Bg2 g6 7. 0-0 Bg7 8. c3 b6 9. Re1 Qc7 10. Nf1 Bb7 11. Bf4 e5 12. Bg5 f6 13. Bd2 dxe4 14. dxe4 Rd8 15. Qc2 Bc8 16. Rad1 Be6 17. Ne3 Bh6 18. Nd5 Nxd5 19. Bxh6 Nde7 20. Bg7 Rg8 21. Bxf6 Rf8 22. Bg7 Rg8 23. Rxd8+ Kxd8 24. Ng5 Bd7 25. Rd1 Kc8 26. Rxd7 Kxd7 27. Bh3+ Ke8 28. Qb3 Qd6 29. Qf7+ Kd8 30. Qxg8+ Nxg8 31. Nf7+ Kc7 32. Nxd6 Kxd6 33. Bf8+ Nge7 34. Bh6 b5 35. Be3 a5 36. f4 a4 37. f5 gxf5 38. exf5 Nd5 39. Bg5 a3 40. Bc1 e4 41. g4 Ne5 42. bxa3 Nxc3 43. Kf1 c4 44. Bf4 Nd5 45. Bg3 Nf6 46. g5 Nh5 47. Bxe5+ Kxe5 48. f6 Nf4 49. Ke1 Ng6 50. Bd7 h6 51. gxh6 Kxf6 52. Bxb5 c3 53. a4 e3 54. Kd1 Ke5 55. h7 Kd4 56. Kc2 Nh8 57. a5 1-0

[Event "Barcelona Sant Marti op 10th"]
[Site "Barcelona"]
[Date "2008.09.03"]
[Round "3"]
[White "Rodriguez Regull, German"]
[Black "Porras Dalmau, Daniel"]
[Result "1-0"]
[WhiteElo "2068"]
[BlackElo "1964"]
[PlyCount "156"]
[EventDate "2008.09.01"]
[EventType "swiss"]
[EventRounds "9"]
[EventCountry "ESP"]
[SourceTitle "EXT 2009"]
[Source "ChessBase"]
[SourceDate "2008.11.26"]
[SourceVersion "1"]
[SourceVersionDate "2008.11.26"]
[SourceQuality "1"]

1. e4 e6 2. d4 d5 3. e5 c5 4. dxc5 Nc6 5. Nf3 Bxc5 6. Bd3 Nge7 7. Bf4 Ng6 8. Bg3 0-0 9. h4 f5 10. h5 Nh8 11. Nbd2 Nf7 12. Qe2 Qb6 13. Nb3 Be7 14. c3 Bd7 15. Nbd4 Ng5 16. Bh4 Ne4 17. Nxc6 Bxh4 18. Rxh4 bxc6 19. h6 g6 20. Rb1 Rab8 21. Qc2 c5 22. b3 c4 23. Bxe4 fxe4 24. Nd4 Qc7 25. f4 exf3 26. Nxf3 cxb3 27. axb3 Rf5 28. Qd2 Rbf8 29. Qe3 Bc6 30. Rd4 Qb6 31. b4 Bb5 32. Ra1 a6 33. Kd2 Qc7 34. Rh1 a5 35. bxa5 Qxa5 36. Ke1 Qa1+ 37. Rd1 Qb2 38. Qd2 Qxd2+ 39. Kxd2 Rf4 40. Rb1 Bc4 41. Rb6 Re4 42. Re1 Rg4 43. Nd4 Rxg2+ 44. Kc1 Ra8 45. Rd1 Ra1+ 46. Rb1 Rxb1+ 47. Kxb1 Kf7 48. Rh1 Rf2 49. Rh3 Rg2 50. Rf3+ Ke7 51. Nc6+ Kd7 52. Nb4 Rg1+ 53. Kc2 Rf1 54. Rg3 Rf2+ 55. Kd1 Rf5 56. Re3 Rf1+ 57. Kd2 Rf2+ 58. Kc1 Be2 59. Nc2 Bg4 60. Nd4 Bf5 61. Rg3 Rh2 62. Rg1 Rxh6 63. Kd2 Rh2+ 64. Ke3 Rh3+ 65. Kf4 Rxc3 66. Kg5 Ke7 67. Ra1 Rg3+ 68. Kh6 Rh3+ 69. Kg7 h5 70. Ra7+ Kd8 71. Kf7 Rg3 72. Nxe6+ Bxe6+ 73. Kxe6 h4 74. Kxd5 h3 75. Rh7 g5 76. e6 Rd3+ 77. Ke5 Re3+ 78. Kf5 Rf3+ 1-0

[Event "Catalunya-ch U20"]
[Site "Catalunya"]
[Date "2008.03.22"]
[Round "5"]
[White "Porras Dalmau, Daniel"]
[Black "Barbosa Rubies, Laia"]
[Result "1/2-1/2"]
[WhiteElo "1987"]
[BlackElo "1843"]
[PlyCount "158"]
[EventDate "2008.03.19"]
[EventType "swiss"]
[EventRounds "9"]
[EventCountry "ESP"]
[SourceTitle "EXT 2010"]
[Source "ChessBase"]
[SourceDate "2010.11.25"]
[SourceVersion "1"]
[SourceVersionDate "2010.11.25"]
[SourceQuality "1"]

1. d4 Nf6 2. c4 e6 3. Nc3 d5 4. Bg5 Nbd7 5. cxd5 exd5 6. e3 c6 7. Bd3 Be7 8. Qc2 0-0 9. Nf3 Re8 10. 0-0 Nf8 11. Rab1 Bg4 12. Ne5 Bh5 13. b4 N6d7 14. Bxe7 Qxe7 15. Nxd7 Qxd7 16. b5 Bg6 17. bxc6 Qxc6 18. Bxg6 Nxg6 19. Qb3 Red8 20. Rfc1 Rab8 21. Nb5 Qb6 22. Qa3 a6 23. Nc3 Qe6 24. Qa5 Qd7 25. Na4 Nh4 26. h3 Qf5 27. Qc7 Qe4 28. Qg3 Nf5 29. Qg4 Qxg4 30. hxg4 Nd6 31. Nb6 Ne8 32. Rc5 Nf6 33. f3 h6 34. Rbc1 Nd7 35. Nxd7 Rxd7 36. Kf2 Kf8 37. Kg3 Rbd8 38. a4 Re7 39. Kf2 g6 40. a5 Kg7 41. Rb1 f6 42. Rb6 Red7 43. Rc2 Re8 44. Rcb2 Ree7 45. R2b3 Kf7 46. Kg3 Rc7 47. Rd6 Rcd7 48. Rbb6 Rxd6 49. Rxd6 Rxe3 50. Rd7+ Re7 51. Rxd5 Ke8 52. Rd6 Kf7 53. Rb6 Rd7 54. Kf2 Re7 55. g3 Kg7 56. f4 g5 57. Kf3 Kg6 58. Rb3 Kf7 59. Re3 Rd7 60. Ke4 Ke6 61. Rb3 Re7 62. Rb6+ Kd7+ 63. Kf5 Re3 64. Rxb7+ Kc8 65. Rb6 Rxg3 66. Rxa6 Rf3 67. Kxf6 Rxf4+ 68. Ke5 Rxg4 69. Rxh6 Rg1 70. a6 Ra1 71. Kf5 Ra5+ 72. Kg4 Ra4 73. Rd6 Kc7 74. Rd5 Rxa6 75. Kxg5 Rd6 76. Rc5+ Kb6 77. Rc4 Kb5 78. Rc5+ Kb6 79. Rf5 Rxd4 1/2-1/2

[Event "Catalunya-ch U20"]
[Site "Catalunya"]
[Date "2008.03.20"]
[Round "2"]
[White "Mateos Rozas, Miguel Angel"]
[Black "Porras Dalmau, Daniel"]
[Result "1/2-1/2"]
[WhiteElo "2112"]
[BlackElo "1987"]
[PlyCount "67"]
[EventDate "2008.03.19"]
[EventType "swiss"]
[EventRounds "9"]
[EventCountry "ESP"]
[SourceTitle "EXT 2010"]
[Source "ChessBase"]
[SourceDate "2010.11.25"]
[SourceVersion "1"]
[SourceVersionDate "2010.11.25"]
[SourceQuality "1"]

1. Nf3 d5 2. d4 c6 3. b3 Nf6 4. Bb2 Bf5 5. Nbd2 e6 6. Ne5 Nbd7 7. e3 Nxe5 8. dxe5 Ne4 9. Nxe4 Bxe4 10. h4 h6 11. f3 Bh7 12. Qd2 Qb6 13. a3 Bc5 14. Kf2 0-0-0 15. b4 d4 16. bxc5 dxe3+ 17. Qxe3 Qxb2 18. Be2 Rd5 19. c3 Rhd8 20. Rhe1 Rd2 21. Rac1 Bd3 22. Rcd1 Bxe2 23. Rxe2 Rxe2+ 24. Qxe2 Qxe2+ 25. Kxe2 Rd5 26. Rxd5 cxd5 27. Ke3 Kc7 28. Kd4 Kc6 29. c4 dxc4 30. Kxc4 h5 31. g4 g6 32. a4 b6 33. cxb6 Kxb6 34. Kb4 1/2-1/2

[Event "Catalunya-ch U20"]
[Site "Catalunya"]
[Date "2008.03.19"]
[Round "1"]
[White "Porras Dalmau, Daniel"]
[Black "Barba Rios, Enric"]
[Result "1-0"]
[WhiteElo "1987"]
[BlackElo "1697"]
[PlyCount "91"]
[EventDate "2008.03.19"]
[EventType "swiss"]
[EventRounds "9"]
[EventCountry "ESP"]
[SourceTitle "EXT 2010"]
[Source "ChessBase"]
[SourceDate "2010.11.25"]
[SourceVersion "1"]
[SourceVersionDate "2010.11.25"]
[SourceQuality "1"]

1. d4 d5 2. c4 c6 3. Nc3 Nf6 4. Nf3 e6 5. cxd5 cxd5 6. Bf4 Bb4 7. Qc2 Nc6 8. e3 a6 9. Bd3 h6 10. 0-0 Bd6 11. Bxd6 Qxd6 12. a3 0-0 13. Na4 b5 14. Nc5 Nd7 15. Rac1 Nxc5 16. dxc5 Qc7 17. b4 Bb7 18. Qc3 Rac8 19. Bb1 e5 20. Rfd1 Rfd8 21. Ba2 e4 22. Ne1 Ne7 23. Nc2 Qd7 24. Nd4 Bc6 25. Rd2 Qb7 26. Rcd1 Rd7 27. Ne2 Rcd8 28. Nf4 Ng6 29. Nh5 f6 30. Ng3 Ne7 31. Nxe4 Kh7 32. Nd6 Qc7 33. Bb1+ Kg8 34. Qd3 g6 35. Qd4 Rf8 36. Qg4 Kh7 37. h4 f5 38. Qg3 Nc8 39. h5 Rg8 40. hxg6+ Rxg6 41. Bxf5 Rdg7 42. Bxg6+ Rxg6 43. Qf4 Nxd6 44. cxd6 Qxd6 45. Qxd6 Rxd6 46. e4 1-0

[Event "ESP-ch U18"]
[Site "Linares"]
[Date "2007.07.31"]
[Round "5"]
[White "Porras Dalmau, Daniel"]
[Black "Herrera Delgado, Alejandro"]
[Result "1/2-1/2"]
[WhiteElo "1958"]
[BlackElo "2150"]
[PlyCount "104"]
[EventDate "2007.07.29"]
[EventType "swiss"]
[EventRounds "9"]
[EventCountry "ESP"]
[SourceTitle "EXT 2008"]
[Source "ChessBase"]
[SourceDate "2007.11.25"]
[SourceVersion "1"]
[SourceVersionDate "2007.11.25"]
[SourceQuality "1"]

1. d4 d5 2. Nf3 Nc6 3. Bf4 Bg4 4. e3 e6 5. Be2 Bd6 6. Bxd6 cxd6 7. c4 dxc4 8. Bxc4 d5 9. Be2 Nf6 10. Qb3 0-0 11. 0-0 Qe7 12. Nbd2 Ne4 13. Bb5 f5 14. Bxc6 bxc6 15. Nxe4 fxe4 16. Ne5 Qg5 17. Nxg4 Qxg4 18. Rac1 Rf6 19. Qd1 Qg5 20. f4 exf3 21. Rxf3 Raf8 22. Rxf6 Qxe3+ 23. Kh1 Rxf6 24. Rxc6 Qf2 25. Rc8+ Kf7 26. Rc7+ Kf8 27. h3 Qf1+ 28. Qxf1 Rxf1+ 29. Kh2 Rf2 30. Rxa7 Rxb2 31. Ra4 Kf7 32. Kg3 Kf6 33. Kf3 g5 34. g4 Rh2 35. Kg3 Rc2 36. Kf3 h6 37. Kg3 Rc3+ 38. Kg2 Rd3 39. Kh2 Rd2+ 40. Kg3 Rc2 41. Kf3 Rc3+ 42. Kg2 Rc6 43. Kf3 e5 44. dxe5+ Kxe5 45. Ra3 Rf6+ 46. Kg3 Ke4 47. Ra8 d4 48. Re8+ Kd3 49. a4 Kd2 50. a5 d3 51. Rb8 Ke2 52. Rb6 Rxb6 1/2-1/2

[Event "ESP-ch U18"]
[Site "Linares"]
[Date "2007.07.31"]
[Round "4"]
[White "Porras Dalmau, Daniel"]
[Black "Jordan Martinez, David"]
[Result "0-1"]
[WhiteElo "1958"]
[BlackElo "2104"]
[PlyCount "120"]
[EventDate "2007.07.29"]
[EventType "swiss"]
[EventRounds "9"]
[EventCountry "ESP"]
[SourceTitle "EXT 2008"]
[Source "ChessBase"]
[SourceDate "2007.11.25"]
[SourceVersion "1"]
[SourceVersionDate "2007.11.25"]
[SourceQuality "1"]

1. d4 d5 2. c4 dxc4 3. e3 e5 4. Bxc4 exd4 5. exd4 Bd6 6. Nf3 Nf6 7. 0-0 0-0 8. Bg5 Bg4 9. h3 Bh5 10. g4 Bg6 11. Ne5 Nbd7 12. f4 Bxb1 13. Rxb1 Nb6 14. Bb3 Be7 15. Qd3 Nbd5 16. Bxf6 Bxf6 17. Qe4 c6 18. g5 Bxe5 19. dxe5 Qe7 20. Bxd5 Qc5+ 21. Kh2 cxd5 22. Qd3 Rac8 23. Kg3 Rfd8 24. Rbd1 g6 25. Rf2 Qa5 26. Qb3 Rc7 27. Rfd2 Rcd7 28. Rd4 Qc5 29. R1d3 Qc1 30. Rd1 Qc5 31. Qd3 Kg7 32. h4 a6 33. h5 Qb6 34. hxg6 hxg6 35. Qe2 Rh8 36. Qg2 Qe6 37. Rh1 Rxh1 38. Qxh1 Qb6 39. Qd1 Qxb2 40. Rxd5 Rc7 41. Rd2 Rc3+ 42. Kg2 Qb4 43. Rf2 Qe4+ 44. Kg1 Qe3 45. Qe2 Qg3+ 46. Kh1 Qh3+ 47. Kg1 Qg3+ 48. Kh1 Rc1+ 49. Rf1 Qxf4 50. Rxc1 Qxc1+ 51. Kh2 Qxg5 52. Qb2 Qh4+ 53. Kg2 Qe4+ 54. Kh2 Kh7 55. Kg3 g5 56. Qc3 Qf4+ 57. Kg2 g4 58. Qd3+ Kg7 59. Qd6 Qf3+ 60. Kg1 g3 0-1

[Event "Fincas Mediterranea 2nd"]
[Site "Castelldefels"]
[Date "2005.08.24"]
[Round "8"]
[White "Hernando Rodrigo, Julio Antonio"]
[Black "Porras Dalmau, Daniel"]
[Result "1-0"]
[WhiteElo "2371"]
[BlackElo "1906"]
[PlyCount "31"]
[EventDate "2005.08.17"]
[EventType "swiss"]
[EventRounds "9"]
[EventCountry "ESP"]
[SourceTitle "CBM 107 Extra"]
[Source "ChessBase"]
[SourceDate "2005.09.01"]
[SourceVersion "1"]
[SourceVersionDate "2005.09.01"]
[SourceQuality "1"]

1. d4 d5 2. Nf3 c6 3. c4 e6 4. g3 Nf6 5. Bg2 Bd6 6. 0-0 0-0 7. Qc2 Nbd7 8. Rd1 Qe7 9. Nc3 b6 10. e4 dxe4 11. Nxe4 Nxe4 12. Qxe4 Bb7 13. Bg5 Nf6 14. Qh4 Rfe8 15. Ne5 Rac8 16. Ng4 1-0

[Event "Fincas Mediterranea 2nd"]
[Site "Castelldefels"]
[Date "2005.08.23"]
[Round "7"]
[White "Porras Dalmau, Daniel"]
[Black "Avila Jimenez, Xavier"]
[Result "1-0"]
[WhiteElo "1906"]
[BlackElo "2194"]
[PlyCount "121"]
[EventDate "2005.08.17"]
[EventType "swiss"]
[EventRounds "9"]
[EventCountry "ESP"]
[SourceTitle "CBM 107 Extra"]
[Source "ChessBase"]
[SourceDate "2005.09.01"]
[SourceVersion "1"]
[SourceVersionDate "2005.09.01"]
[SourceQuality "1"]

1. d4 d5 2. c4 c6 3. Nf3 Nf6 4. cxd5 cxd5 5. Nc3 Nc6 6. Bf4 Qb6 7. Na4 Qb4+ 8. Bd2 Qd6 9. e3 Ne4 10. Nc3 Nxd2 11. Qxd2 Bg4 12. Be2 e6 13. Ne5 Bxe2 14. Qxe2 f6 15. Qh5+ g6 16. Nxg6 hxg6 17. Qxh8 Kf7 18. 0-0 Rd8 19. Qh7+ Bg7 20. Qh3 Qb4 21. Ne2 Rh8 22. Qg3 Qxb2 23. Qc7+ Ne7 24. Ng3 Rc8 25. Qa5 Nc6 26. Qe1 Qa3 27. Qc1 Qa6 28. Qc2 b6 29. Rfc1 f5 30. Qe2 Qa4 31. Rab1 Qa3 32. Qb5 Ne7 33. Rxc8 Nxc8 34. Qb3 Qa5 35. Rc1 Ne7 36. Ne2 b5 37. Nf4 Bf8 38. Nd3 g5 39. Ne5+ Kg8 40. g3 Bg7 41. Nc6 Nxc6 42. Rxc6 f4 43. Qc2 Qe1+ 44. Kg2 fxe3 45. fxe3 Qxe3 46. Qg6 Qe2+ 47. Kh3 Qf1+ 48. Kg4 Qe2+ 49. Kxg5 Qd2+ 50. Kg4 Qe2+ 51. Kh3 Qf1+ 52. Kh4 Qf6+ 53. Qxf6 Bxf6+ 54. Kh5 Bxd4 55. Kg6 Kf8 56. Rxe6 Bg1 57. h4 a5 58. h5 b4 59. h6 a4 60. h7 Bd4 61. Rf6+ 1-0

[Event "Fincas Mediterranea 2nd"]
[Site "Castelldefels"]
[Date "2005.08.17"]
[Round "1"]
[White "Porras Dalmau, Daniel"]
[Black "Hamdouchi, Hicham"]
[Result "0-1"]
[WhiteElo "1906"]
[BlackElo "2567"]
[PlyCount "102"]
[EventDate "2005.08.17"]
[EventType "swiss"]
[EventRounds "9"]
[EventCountry "ESP"]
[SourceTitle "CBM 107 Extra"]
[Source "ChessBase"]
[SourceDate "2005.09.01"]
[SourceVersion "1"]
[SourceVersionDate "2005.09.01"]
[SourceQuality "1"]

1. d4 e6 2. c4 c5 3. Nf3 cxd4 4. Nxd4 Nf6 5. Nc3 a6 6. g3 Qc7 7. Qd3 Nc6 8. Nxc6 Qxc6 9. e4 Bb4 10. Bg2 Ng4 11. 0-0 Ne5 12. Qd4 f6 13. Bf4 0-0 14. Bxe5 Bc5 15. Qd2 fxe5 16. Kh1 b5 17. cxb5 axb5 18. f4 b4 19. Ne2 Bb7 20. b3 Qxe4 21. Rg1 exf4 22. Nxf4 Qd4 23. Qxd4 Bxg2+ 24. Rxg2 Bxd4 25. Rd1 e5 26. Nd5 Rab8 27. Rc2 Kf7 28. Rc4 Ke6 29. Nc7+ Kd6 30. Na6 Rbc8 31. Rxc8 Rxc8 32. Nxb4 Ke6 33. Kg2 Rf8 34. Rf1 Ra8 35. Rc1 e4 36. Rc4 Ke5 37. a4 Rf8 38. Rc2 Rf3 39. Ra2 Rxb3 40. Nc2 Ba7 41. Na3 Bc5 42. Nc2 d5 43. a5 Rd3 44. a6 Rd2+ 45. Kf1 e3 46. a7 Bxa7 47. Rxa7 Rxc2 48. Re7+ Kd4 49. Rxg7 Kd3 50. Re7 Rc1+ 51. Kg2 e2 0-1

[Event "Barcelona Sant Marti op 06th"]
[Site "Barcelona"]
[Date "2004.06.12"]
[Round "8"]
[White "Porras Dalmau, Daniel"]
[Black "Pujal Moncho, Joaquim"]
[Result "0-1"]
[WhiteElo "1910"]
[BlackElo "2050"]
[PlyCount "94"]
[EventDate "2004.04.17"]
[EventType "swiss"]
[EventRounds "9"]
[EventCountry "ESP"]
[SourceTitle "CBM 100 Extra"]
[Source "ChessBase"]
[SourceDate "2004.07.06"]
[SourceVersion "2"]
[SourceVersionDate "2004.07.06"]
[SourceQuality "1"]

1. d4 d5 2. Nf3 e6 3. c4 c6 4. Nc3 Nd7 5. Bg5 Be7 6. Bxe7 Qxe7 7. e3 Ngf6 8. cxd5 exd5 9. Bd3 0-0 10. 0-0 Ne4 11. Qc2 Ndf6 12. Nd2 Bf5 13. Ncxe4 Nxe4 14. Nxe4 dxe4 15. Bc4 Rac8 16. Rac1 Qg5 17. Kh1 Qe7 18. Bb3 Rfd8 19. Qc5 Qxc5 20. Rxc5 g6 21. Rfc1 Re8 22. d5 cxd5 23. Bxd5 Rxc5 24. Rxc5 Rd8 25. Bb3 Be6 26. Bc2 Bxa2 27. h3 Bb1 28. Bxb1 Rd1+ 29. Kh2 Rxb1 30. Rb5 b6 31. Kg3 f5 32. Kf4 Kf7 33. g4 fxg4 34. hxg4 Rf1 35. Kg3 Kf6 36. Rb4 Rg1+ 37. Kh3 Ke5 38. Rb5+ Kd6 39. Rb4 Rd1 40. Kg3 Rd2 41. b3 Ke5 42. Ra4 Rd7 43. b4 Kd5 44. Ra2 Kc4 45. Rb2 a5 46. bxa5 bxa5 47. Kf4 a4 0-1